Tejer un destino. Sujetos, institución y procesos políticos-académicos en el caso de la institucionalización de la pedagogía en al Universidad Nacioanl de Córdoba, Argentina, 1955-1966.
Kaydedildi:
| Yazar: | |
|---|---|
| Materyal Türü: | Kitap |
| Dil: | İspanyolca |
| Konular: | |
| Etiketler: |
Etiket eklenmemiş, İlk siz ekleyin!
|
MARC
| LEADER | 00000nam^a2200000^u^4500 | ||
|---|---|---|---|
| 001 | 000510414 | ||
| 005 | 20250521000000.0 | ||
| 008 | 100111s1000^^^^^^^^^^^^r^^^^^000^0^spa^d | ||
| 009 | 20260310130124.516 | ||
| 035 | |a FCE 000054623 | ||
| 037 | |a Acervo ITESO - Biblioteca | ||
| 041 | |a spa | ||
| 082 | 0 | 4 | |a 378.1 |b CORt |
| 100 | |a Coria Ruderman, Adela |e (autor) | ||
| 245 | 1 | 0 | |a Tejer un destino. Sujetos, institución y procesos políticos-académicos en el caso de la institucionalización de la pedagogía en al Universidad Nacioanl de Córdoba, Argentina, 1955-1966. |
| 264 | |a México : |b A., Coria Ruderman, |c 2000. | ||
| 300 | |a 619 p. | ||
| 336 | |a texto |b txt |2 rdacontenido | ||
| 337 | |a sin mediación |b n |2 rdamedio | ||
| 338 | |a volumen |b nc |2 rdasoporte | ||
| 596 | |a Tesis. (Doctorado en Ciencias con Especialidad en Investigaciones Educativas).-- Centro de Investigacion y Estudios Avanzados del Instituto Politécnico Nacional. Departamento de Investigaciones Educativas. | ||
| 649 | |a XX | ||
| 650 | |a Educación superior | ||
| 650 | |a Historia | ||
| 650 | |a Enseñanza | ||
| 650 | |a Tesis de doctorado | ||
| 650 | |a Instalaciones educativas | ||
| 650 | |a Pedagogía | ||
| 650 | |a Argentina | ||
| 910 | |a Fondo Centro de Estudios Educativos | ||
| 920 | |a Impresos - Libros | ||
| 930 | |a Fondos Especiales | ||
| 905 | |a 133 | ||
| 901 | |a ALE067929 |b IT2 |c CEE |u 20250521 | ||
| 902 | |a https://opac.biblio.iteso.mx/vufind/Record/000510414 | ||